<?xml version="1.0" encoding="UTF-8"?>
<collection xmlns:xsi="http://www.w3.org/2001/XMLSchema-instance" xsi:schemaLocation="http://www.loc.gov/MARC21/slim http://www.loc.gov/standards/marcxml/schema/MARC21slim.xsd" xmlns="http://www.loc.gov/MARC21/slim">
 <record>
  <leader>00000nam a22000008i 4500</leader>
  <controlfield tag="001">UP-1685954869149676851</controlfield>
  <controlfield tag="003">Buklod</controlfield>
  <controlfield tag="005">20240227133924.0</controlfield>
  <controlfield tag="006">m     |  | |      </controlfield>
  <controlfield tag="007">ta</controlfield>
  <controlfield tag="008">240227s2022    nju   a r   b|001 0|eng d</controlfield>
  <datafield tag="020" ind1=" " ind2=" ">
   <subfield code="a">9781119550389 (paperback)</subfield>
  </datafield>
  <datafield tag="035" ind1=" " ind2=" ">
   <subfield code="a">22497377</subfield>
  </datafield>
  <datafield tag="037" ind1=" " ind2=" ">
   <subfield code="a">BC-74610</subfield>
   <subfield code="b">SERV Enterprises</subfield>
   <subfield code="c">PhP 3,495.00</subfield>
   <subfield code="n">Department of Language, Literature, and the Arts</subfield>
  </datafield>
  <datafield tag="040" ind1=" " ind2=" ">
   <subfield code="a">DLC</subfield>
   <subfield code="d">BAG</subfield>
   <subfield code="e">rda</subfield>
  </datafield>
  <datafield tag="041" ind1="0" ind2=" ">
   <subfield code="a">eng</subfield>
  </datafield>
  <datafield tag="090" ind1="0" ind2=" ">
   <subfield code="a">PE 1128 A2</subfield>
   <subfield code="b">F47 2022</subfield>
  </datafield>
  <datafield tag="100" ind1="1" ind2=" ">
   <subfield code="a">Ferlazzo, Larry</subfield>
   <subfield code="e">author.</subfield>
  </datafield>
  <datafield tag="245" ind1="1" ind2="4">
   <subfield code="a">The ESL/ELL teacher's survival guide</subfield>
   <subfield code="b">ready-to- use strategies, tools, and activities for teaching English language learners of all levels</subfield>
   <subfield code="c">Larry Ferlazzo and Katie Hull Sypnieski.</subfield>
  </datafield>
  <datafield tag="246" ind1="3" ind2=" ">
   <subfield code="a">English as a second language/English language learner teacher's survival guide.</subfield>
  </datafield>
  <datafield tag="250" ind1=" " ind2=" ">
   <subfield code="a">Second edition.</subfield>
  </datafield>
  <datafield tag="264" ind1=" " ind2="1">
   <subfield code="a">Hoboken, New Jersey</subfield>
   <subfield code="b">John Wiley &amp; Sons, Inc.</subfield>
   <subfield code="c">[2022]</subfield>
  </datafield>
  <datafield tag="300" ind1=" " ind2=" ">
   <subfield code="a">xxiii, 552 pages</subfield>
   <subfield code="b">illustrations</subfield>
   <subfield code="c">28 cm</subfield>
  </datafield>
  <datafield tag="336" ind1=" " ind2=" ">
   <subfield code="a">text</subfield>
   <subfield code="2">rdacontent</subfield>
  </datafield>
  <datafield tag="337" ind1=" " ind2=" ">
   <subfield code="a">unmediated</subfield>
   <subfield code="2">rdamedia</subfield>
  </datafield>
  <datafield tag="338" ind1=" " ind2=" ">
   <subfield code="a">volume</subfield>
   <subfield code="2">rdacarrier</subfield>
  </datafield>
  <datafield tag="490" ind1="0" ind2=" ">
   <subfield code="a">Jossey-Bass teacher</subfield>
  </datafield>
  <datafield tag="504" ind1=" " ind2=" ">
   <subfield code="a">Includes bibliographical references (pages 499-537) and index.</subfield>
  </datafield>
  <datafield tag="505" ind1="0" ind2=" ">
   <subfield code="a">ELL instruction: the big picture -- ELL classroom basics: building a positive and effective learning environment -- Key elements of a curriculum for beginning ELLs -- Daily instruction for beginning ELLs -- Key elements of a curriculum for intermediate ELLs -- Daily instruction for intermediate ELLs -- English language learners in the mainstream classroom -- Teaching social studies -- Teaching science -- Teaching math -- Supporting long-term English language learners -- Working with Elementary ELLs -- Teaching adult ELLs -- Teaching ELLs with learning differences -- Culturally responsive and sustaining teaching -- Addressing additional opportunities and challenges -- Home language of ELLs -- Using learning games in the ELL classroom -- Assessing English Language Learners -- Reflective teaching/Professional development.</subfield>
  </datafield>
  <datafield tag="520" ind1=" " ind2=" ">
   <subfield code="a">&quot;The ESL/ELL Teacher's Survival Guide, 2nd Edition offers educators practical strategies for setting up an ESL-friendly classroom, motivating and interacting with students, communicating with parents of English language learners, and navigating the challenges inherent in teaching ESL students. The second edition includes more than 150 pages of new content, including: A new chapter on working with Long-Term English Language Learners A new chapter on teaching English to students in countries where English is not the primary language A new chapter on Teaching Elementary Age ELLs An updated chapter on Math An updated chapter on Science Revised connections to Common Core Standards Updated research &amp; technology connections Many new instructional strategies and student hand-outs that we were not able to include in The ELL Teacher's Toolbox, including sections on assessment, homework, the summer slide and many more&quot;--Provided by publisher.</subfield>
  </datafield>
  <datafield tag="650" ind1=" " ind2="0">
   <subfield code="a">English language</subfield>
   <subfield code="x">Study and teaching</subfield>
   <subfield code="x">Foreign speakers.</subfield>
  </datafield>
  <datafield tag="700" ind1="1" ind2=" ">
   <subfield code="a">Hull-Sypnieski, Katie</subfield>
   <subfield code="d">1974-</subfield>
   <subfield code="e">author.</subfield>
  </datafield>
  <datafield tag="905" ind1=" " ind2=" ">
   <subfield code="a">FI</subfield>
  </datafield>
  <datafield tag="852" ind1="0" ind2=" ">
   <subfield code="a">UPBAG</subfield>
   <subfield code="b">UPBAG-MAIN</subfield>
   <subfield code="h">PE 1128 A2</subfield>
   <subfield code="i">F47 2022</subfield>
  </datafield>
  <datafield tag="942" ind1=" " ind2=" ">
   <subfield code="a">Book</subfield>
  </datafield>
 </record>
</collection>
